Facultad de Derecho – Universidad Nacional de Mar del Plata

Teoria constitucional (Record no. 2393)

MARC details
000 -LEADER
fixed length control field 00848cam a22002897a 4500
001 - CONTROL NUMBER
control field 002403
003 - CONTROL NUMBER IDENTIFIER
control field armpunfd
005 - DATE AND TIME OF LATEST TRANSACTION
control field 20140612090707.0
008 - FIXED-LENGTH DATA ELEMENTS--GENERAL INFORMATION
fixed length control field 110301e2000ag#########000#0##nd#d
020 ## - INTERNATIONAL STANDARD BOOK NUMBER
International Standard Book Number 9501417387
040 ## - CATALOGING SOURCE
Original cataloging agency armpunfd
Transcribing agency armpunfd
080 ## - UNIVERSAL DECIMAL CLASSIFICATION NUMBER
Universal Decimal Classification number 342.4 V 344
100 10 - MAIN ENTRY--PERSONAL NAME
Personal name Vanossi, Jorge Reinaldo A
245 10 - TITLE STATEMENT
Title Teoria constitucional
260 ## - PUBLICATION, DISTRIBUTION, ETC. (IMPRINT)
Place of publication, distribution, etc Buenos Aires :
Name of publisher, distributor, etc Depalma.
650 #7 - SUBJECT ADDED ENTRY--TOPICAL TERM
Topical term or geographic name as entry element Alf Ross
Source of heading or term LEMB
650 #7 - SUBJECT ADDED ENTRY--TOPICAL TERM
Topical term or geographic name as entry element Amparo
Source of heading or term LEMB
650 #7 - SUBJECT ADDED ENTRY--TOPICAL TERM
Topical term or geographic name as entry element Control De Constitucionalidad
Source of heading or term LEMB
650 #7 - SUBJECT ADDED ENTRY--TOPICAL TERM
Topical term or geographic name as entry element Derecho Constitucional
Source of heading or term LEMB
650 #7 - SUBJECT ADDED ENTRY--TOPICAL TERM
Topical term or geographic name as entry element Poder Constituyente Fundacional
Source of heading or term LEMB
650 #7 - SUBJECT ADDED ENTRY--TOPICAL TERM
Topical term or geographic name as entry element Poder Constituyente Reformador
Source of heading or term LEMB
650 #7 - SUBJECT ADDED ENTRY--TOPICAL TERM
Topical term or geographic name as entry element Poder Constituyente
Source of heading or term LEMB
650 #7 - SUBJECT ADDED ENTRY--TOPICAL TERM
Topical term or geographic name as entry element Teoria Constitucional
Source of heading or term LEMB
942 ## - ADDED ENTRY ELEMENTS (KOHA)
Koha item type LIBRO
Source of classification or shelving scheme
945 ## - LOCAL PROCESSING INFORMATION (OCLC)
a Catalis
d 2010-08-19
945 ## - LOCAL PROCESSING INFORMATION (OCLC)
a Catalis
d 2010-08-19
Holdings
Withdrawn status Lost status Source of classification or shelving scheme Damaged status Not for loan Home library Current library Shelving location Date acquired Serial Enumeration / chronology Total Checkouts Full call number Barcode Date last seen Date checked out Price effective from Koha item type Inventory number
          Bib. Derecho Bib. Derecho Sala de Lectura 12/06/2014 V 1 4 342.4 V 344 202449 30/03/2026 26/03/2026 12/06/2014 LIBRO (Consulta)  
          Bib. Derecho Bib. Derecho Sala de Lectura 12/06/2014 V 2 1 342.4 V 344 202448 25/09/2023 22/09/2023 12/06/2014 LIBRO (Consulta)  
          Bib. Derecho Bib. Derecho Sala de Lectura 20/05/2016 Tomo III 16 342.4 V 344 203066 11/12/2025 10/12/2025 20/05/2016 LIBRO (Consulta) 203066

XHTML | CSS | ©Biblioteca Central - Dto. Tecnología de la Información - [ Con tecnología Koha ]